| 000 -LEADER |
| fixed length control field |
00488cam a22001457a 4500 |
| 008 - FIXED-LENGTH DATA ELEMENTS--GENERAL INFORMATION |
| fixed length control field |
180718b1986 xxu||||| |||| 00| 0 eng d |
| 082 ## - DEWEY DECIMAL CLASSIFICATION NUMBER |
| Classification number |
Yx54123 T449 |
| 100 ## - MAIN ENTRY--PERSONAL NAME |
| Personal name |
Tikader, B.K. |
| 245 ## - TITLE STATEMENT |
| Title |
Sea shore animals of Andaman & Nicobar Islands |
| Statement of responsibility, etc. |
by B.K.Tikader, A. Daniel and N.V. Subba Rao |
| 260 ## - PUBLICATION, DISTRIBUTION, ETC. |
| Place of publication, distribution, etc. |
Calcutta |
| Name of publisher, distributor, etc. |
Zoological Survey of India |
| Date of publication, distribution, etc. |
1986 |
| 300 ## - PHYSICAL DESCRIPTION |
| Extent |
188p. |
| 650 ## - SUBJECT ADDED ENTRY--TOPICAL TERM |
| Topical term or geographic name entry element |
Seashore animals --India --Andaman and Nicobar Islands |
| 700 ## - ADDED ENTRY--PERSONAL NAME |
| Personal name |
Subba Rao, N.V. |
| 700 ## - ADDED ENTRY--PERSONAL NAME |
| Personal name |
Daniel, A. |